<?xml version="1.0" encoding="UTF-8"?>
<record
    xmlns:xsi="http://www.w3.org/2001/XMLSchema-instance"
    xsi:schemaLocation="http://www.loc.gov/MARC21/slim http://www.loc.gov/standards/marcxml/schema/MARC21slim.xsd"
    xmlns="http://www.loc.gov/MARC21/slim">

  <leader>00630nam a22001817a 4500</leader>
  <controlfield tag="008">130109t        sp||||| |||| 00| 0 ag d</controlfield>
  <datafield tag="020" ind1=" " ind2=" ">
    <subfield code="a">950802228</subfield>
  </datafield>
  <datafield tag="050" ind1="0" ind2="4">
    <subfield code="a">RC480.8</subfield>
    <subfield code="b">I58 2006</subfield>
  </datafield>
  <datafield tag="245" ind1="0" ind2="3">
    <subfield code="a">Lo interdisciplinario en salud mental : </subfield>
    <subfield code="b">ni&#xF1;os, adolescentes, sus familias y la comunidad /</subfield>
    <subfield code="c">Liliana Barg, org., ... [et al.].</subfield>
  </datafield>
  <datafield tag="250" ind1=" " ind2=" ">
    <subfield code="a">1a ed.</subfield>
  </datafield>
  <datafield tag="260" ind1=" " ind2=" ">
    <subfield code="a">Buenos Aires :  </subfield>
    <subfield code="b">Espacio Editorial,</subfield>
    <subfield code="c">2006.</subfield>
  </datafield>
  <datafield tag="300" ind1=" " ind2=" ">
    <subfield code="a">166 p. :</subfield>
    <subfield code="c">19 cm.</subfield>
  </datafield>
  <datafield tag="440" ind1=" " ind2="3">
    <subfield code="a">Ciencias Sociales, novedades</subfield>
  </datafield>
  <datafield tag="504" ind1=" " ind2=" ">
    <subfield code="a">Incluye &#xED;ndice</subfield>
  </datafield>
  <datafield tag="650" ind1=" " ind2="4">
    <subfield code="a">Ni&#xF1;os, adolescentes, sociedad,</subfield>
    <subfield code="x">Salud mental.</subfield>
  </datafield>
  <datafield tag="700" ind1="1" ind2=" ">
    <subfield code="a">Barg,Liliana,  </subfield>
    <subfield code="e">org.</subfield>
  </datafield>
  <datafield tag="942" ind1=" " ind2=" ">
    <subfield code="2">lcc</subfield>
    <subfield code="c">LIB</subfield>
  </datafield>
  <datafield tag="999" ind1=" " ind2=" ">
    <subfield code="c">36016</subfield>
    <subfield code="d">36016</subfield>
  </datafield>
  <datafield tag="952" ind1=" " ind2=" ">
    <subfield code="1">0</subfield>
    <subfield code="2">lcc</subfield>
    <subfield code="4">0</subfield>
    <subfield code="7">0</subfield>
    <subfield code="a">LIC-047</subfield>
    <subfield code="b">LIC-047</subfield>
    <subfield code="c">GENERAL</subfield>
    <subfield code="d">2013-01-09</subfield>
    <subfield code="e">CRPF</subfield>
    <subfield code="h">BFP000008194</subfield>
    <subfield code="i">Ciencias de la salud</subfield>
    <subfield code="k">Ciencias de la salud</subfield>
    <subfield code="o">RC480.8 I58 c2006</subfield>
    <subfield code="p">BFP000008194</subfield>
    <subfield code="r">2013-01-09 00:00:00</subfield>
    <subfield code="t">1</subfield>
    <subfield code="y">LIB</subfield>
  </datafield>
  <datafield tag="952" ind1=" " ind2=" ">
    <subfield code="1">0</subfield>
    <subfield code="2">lcc</subfield>
    <subfield code="4">0</subfield>
    <subfield code="7">0</subfield>
    <subfield code="a">LIC-047</subfield>
    <subfield code="b">LIC-047</subfield>
    <subfield code="c">GENERAL</subfield>
    <subfield code="d">2013-01-09</subfield>
    <subfield code="e">CRPF</subfield>
    <subfield code="h">BFP000008193</subfield>
    <subfield code="i">Ciencias de la salud</subfield>
    <subfield code="k">Ciencias de la salud</subfield>
    <subfield code="o">RC480.8 I58 c2006</subfield>
    <subfield code="p">BFP000008193</subfield>
    <subfield code="r">2013-01-09 00:00:00</subfield>
    <subfield code="t">2</subfield>
    <subfield code="y">LIB</subfield>
  </datafield>
</record>
